000 01578nabaa22002057a 4500
999 _c6110
_d6110
003 OSt
005 20260122094240.0
008 190701b xxu||||| |||| 00| 0 spa d
040 _cPJ
100 _96878
_aGarda, Juan B.
245 1 3 _aLa omisión de la licitación pública, consecuencias jurídicas y análisis crítico de la doctrina jurisprudencial de la CS :
_b¿es correcto decretar la “inexistencia” del contrato administrativo ante la omisión de la licitación pública exigida por la ley? /
_cJuan B. Garda.
300 _ap. 3-22
505 _aSumario: I. Introducción.— II. La doctrina jurisprudencial de la CS: ante omisión de licitación pública deriva la inexistencia del contrato administrativo.— III. La licitación pública hace al “procedimiento” del contrato administrativo, no a su “forma”.— IV. Nulidad absoluta e inexistencia. Incongruencia de la doctrina jurisprudencial de la CS en materia de contratos administrativos a la luz de los principios del derecho público.— V. Las consecuencias muy distintas que producen la nulidad absoluta y la inexistencia de un contrato administrativo.— VI. Consideraciones finales. Mi respuesta al interrogante.
505 _t¿Te interesa el texto completo? Comunicate al correo: koha@justierradelfuego.gov.ar
650 0 _9211
_aDERECHO ADMINISTRATIVO
650 0 _91170
_aCONTRATOS ADMINISTRATIVOS
650 0 _92988
_aLICITACION PÚBLICA
773 0 _02842
_93251
_dBuenos Aires : AbeledoPerrot, 2012-
_oDA121
_tDerecho administrativo. Nº 146 marzo/abril 2023
_z18510590
942 _2udc
_cANA